000 01494cam a2200253 a 4500
003 OSt
005 20210129203053.0
008 001025s2000 ck r 0 spa d
020 _a9586532496
040 _aCO-JMCR
_cCO-JMCR
082 0 4 _a344.8861 /
_bO84d
_221
100 1 _aOssa Arbeláez, Jaime,
_eautor
_912900
245 1 0 _aDerecho administrativo sancionador :
_bhacia una teoria general y una aproximación para su autonomia /
_cJaime Ossa Arbelaez ; editor, José Vicente Barreto Rodriguez
250 _aPrimera edición
260 _aBogotá :
_bLegis,
_c2000
300 _a700 páginas ;
_c24 cm.
504 _aIncluye referencias bibliográficas.
505 _aDe la administración pública -- Del estado social de derecho -- De la función pública -- De los servidores públicos -- De las potestades públicas -- Del control de la actividad administrativa discrecional -- De la potestad sancionadora de la administración en particular -- Del derecho penal administrativo -- De los principios del derecho sancionatorio de la administración -- De las contravenciones en general -- De la sanción administrativa -- De la extinción de las sanciones administrativas -- Del procedimiento sancionatorio -- De las superintendencias
650 2 4 _aSanciones administrativas
_zColombia
_912901
650 2 4 _aFunción pública
_zColombia
_912393
650 2 4 _aDerecho administrativo
_zColombia
_98206
700 1 _aBarreto Rodríguez, José Vicente,
_eeditor
_912902
942 _2ddc
_cBK
999 _c7072
_d7072